| 000 | 00522nam a2200181 a 4500 | ||
|---|---|---|---|
| 005 | 20230526063509.0 | ||
| 008 | 991125s1964 mx 000 0 spa u | ||
| 035 | _aUPN01000004246 | ||
| 049 | _aCG | ||
| 050 | 4 |
_aPN86 _bM6.2 |
|
| 100 | 1 | _aMolina Ortega, Elena | |
| 245 | 1 | 0 |
_aApuntes de literatura universal / _cElena Molina Ortega. |
| 260 |
_aMéxico : _bIPN, Patronato de Publicaciones, _c1964. |
||
| 300 | _a98 p. | ||
| 440 | 0 |
_aColección de apuntes ; _v6 |
|
| 650 | 4 |
_aLiteratura _vColecciones _918506 |
|
| 905 | _aLibro | ||
| 999 |
_c4246 _d4246 |
||